书目信息 |
| 题名: |
金相浸蚀手册
|
|
| 作者: | 裴卓 , Petzow 著 ;李新立 译 | |
| 分册: | ||
| 出版信息: | 北京 科学普及出版社 1982 |
|
| 页数: | 143页 | |
| 开本: | 19cm | |
| 丛书名: | ||
| 单 册: | ||
| 中图分类: | TG113 | |
| 科图分类: | ||
| 主题词: | 浸蚀(金相)--手册 , 物理冶金学 , 金属学 | |
| 电子资源: | ||
| ISBN: | ||
| 000 | 00715nam0 2200277 45 980 | |
| 001 | 0657056262 | |
| 005 | 20060810170913.54 | |
| 010 | @dCNY0.44 | |
| 091 | @a15051.1002 | |
| 100 | @a19980806 m 0 | |
| 101 | 1 | @achi@cger |
| 102 | @aCN@b110000 | |
| 105 | @ay 000yy | |
| 106 | @ar | |
| 200 | 10 | @a金相浸蚀手册@Ajin xiang jin shi shou ce@f(西德)裴卓,Petzow著@g李新立译 |
| 210 | @a北京@c科学普及出版社@d1982 | |
| 215 | @a143页@d19cm | |
| 606 | @a浸蚀(金相)@x手册 | |
| 606 | 0 | @a物理冶金学 |
| 606 | 0 | @a金属学 |
| 690 | @aTG113@v3 | |
| 701 | 1 | @a裴卓@bG.@4著@f西德@Apei卓 |
| 701 | A1 | @aPetzow@bG.@4著@APetzow |
| 702 | 0 | @a李新立@4译@Ali xin li |
| 801 | 0 | @c20060810 |
| 905 | @a10447@dTG113@e28 | |
| 金相浸蚀手册/(西德)裴卓,Petzow著/李新立译 .-北京:科学普及出版社,1982 |
| 143页;19cm |
| ISBN :CNY0.44 |
| ● |
| 相关链接 |
|
|
|
|
正题名:金相浸蚀手册
索取号:TG113/28
 
预约/预借
| 序号 | 登录号 | 条形码 | 馆藏地/架位号 | 状态 | 备注 |
| 1 | 0439182 | 204391826 | 密集书库/ [索取号:TG113/28] | 在馆 | |
| 2 | 0452189 | 204521892 | 密集书库/ [索取号:TG113/28] | 在馆 |